Uses of infinity /
Guardado en:
| Autor Principal: | |
|---|---|
| Formato: | Libro |
| Idioma: | English |
| Publicado: |
Washington, D.C. :
Mathematical Association of America,
c1962.
|
| Series: | New mathematical library ;
7 |
| Materias: | |
| Etiquetas: |
Agregar Etiqueta
Sin Etiquetas, Sea el primero en etiquetar este registro!
|
| LEADER | 00771nam a22002535a 4500 | ||
|---|---|---|---|
| 001 | MAT.inmabb003716 | ||
| 008 | 730424s1962####dcua#####b####000#0#eng## | ||
| 005 | 20170622162852.0 | ||
| 245 | 1 | 0 | |a Uses of infinity / |c by Leo Zippin. |
| 260 | |a Washington, D.C. : |b Mathematical Association of America, |c c1962. | ||
| 300 | |a vii, 151 p. : |b il. ; |c 23 cm. | ||
| 440 | 0 | |a New mathematical library ; |v 7 | |
| 500 | |a Publicado originalmente por Random House. | ||
| 504 | |a Bibliografía: p. 150-151. | ||
| 510 | 4 | |a MR, |c MR0176004 | |
| 020 | |a 0394015630 | ||
| 100 | 1 | |a Zippin, Leo. | |
| 084 | |a 26.10 |2 MR | ||
| 650 | 0 | |a Processes, Infinite. | |
| 650 | 0 | |a Infinite. | |
| 084 | |a 26A03 |2 MR | ||
| 010 | |a 61012187 | ||
| 040 | |a DLC |c DLC |d DLC | ||
| 859 | |h 26 |i Z79 |p A-5755 |b BIB. MATEMATICA | ||
